<?xml version="1.0" encoding="UTF-8"?>
<collection xmlns="http://www.loc.gov/MARC21/slim">
<record>
  <controlfield tag="000">02584ckm\a2200421Ki\4500</controlfield>
  <controlfield tag="001">255588</controlfield>
  <controlfield tag="005">20251009105051.0</controlfield>
  <controlfield tag="007">kj\bo</controlfield>
  <controlfield tag="008">201008q18901899paun\n\\\\\\\\\\\\kneng\d</controlfield>
  <datafield tag="029" ind1="1" ind2=" ">
    <subfield code="a">UXG</subfield>
    <subfield code="c">/p252501coll3</subfield>
    <subfield code="t">CNTNT</subfield>
  </datafield>
  <datafield tag="035" ind1=" " ind2=" ">
    <subfield code="a">658899054</subfield>
  </datafield>
  <datafield tag="035" ind1=" " ind2=" ">
    <subfield code="a">(DFoPcSh)00217461</subfield>
  </datafield>
  <datafield tag="035" ind1=" " ind2=" ">
    <subfield code="a">242867</subfield>
  </datafield>
  <datafield tag="040" ind1=" " ind2=" ">
    <subfield code="a">DFo/CaBNvSL/CaBNvSL</subfield>
    <subfield code="c">UXG</subfield>
    <subfield code="e">gihc</subfield>
    <subfield code="d">UXG</subfield>
    <subfield code="d">UtOrBLW</subfield>
  </datafield>
  <datafield tag="049" ind1=" " ind2=" ">
    <subfield code="a">UXGA</subfield>
  </datafield>
  <datafield tag="110" ind1="2" ind2=" ">
    <subfield code="a">Gebbie and Company,</subfield>
    <subfield code="0">no2007128017,</subfield>
    <subfield code="e">printmaker.</subfield>
  </datafield>
  <datafield tag="245" ind1="1" ind2="0">
    <subfield code="a">James H. Hackett as Falstaff, Henry fourth, act IV, scene II</subfield>
    <subfield code="h">[graphic] /</subfield>
    <subfield code="c">gravure, Gebbie &amp; Co.</subfield>
  </datafield>
  <datafield tag="260" ind1=" " ind2=" ">
    <subfield code="a">[Philadelphia] :</subfield>
    <subfield code="b">[s.n.],</subfield>
    <subfield code="c">[late 19th century?]</subfield>
  </datafield>
  <datafield tag="300" ind1=" " ind2=" ">
    <subfield code="a">1 print :</subfield>
    <subfield code="b">photogravure ;</subfield>
    <subfield code="c">9 x 7 3/4 in.</subfield>
  </datafield>
  <datafield tag="336" ind1=" " ind2=" ">
    <subfield code="a">still image</subfield>
    <subfield code="b">sti</subfield>
    <subfield code="2">rdacontent</subfield>
  </datafield>
  <datafield tag="337" ind1=" " ind2=" ">
    <subfield code="a">unmediated</subfield>
    <subfield code="b">n</subfield>
    <subfield code="2">rdamedia</subfield>
  </datafield>
  <datafield tag="340" ind1=" " ind2=" ">
    <subfield code="a">paper</subfield>
    <subfield code="2">rdamat</subfield>
  </datafield>
  <datafield tag="340" ind1=" " ind2=" ">
    <subfield code="d">photogravure process</subfield>
    <subfield code="2">rdapm</subfield>
  </datafield>
  <datafield tag="340" ind1=" " ind2=" ">
    <subfield code="g">monochrome</subfield>
    <subfield code="2">rdacc</subfield>
  </datafield>
  <datafield tag="500" ind1=" " ind2=" ">
    <subfield code="a">Date range based on Gebbie &amp; Co.'s main dates of activity.</subfield>
  </datafield>
  <datafield tag="500" ind1=" " ind2=" ">
    <subfield code="a">This photo gravure was made from a line engraving. For an example of the original engraving, see Folger ART File H121 no.9.</subfield>
  </datafield>
  <datafield tag="500" ind1=" " ind2=" ">
    <subfield code="a">This record contains unverified data from old cards and may contain incorrect or incomplete text. Please consult Curator for assistance.</subfield>
  </datafield>
  <datafield tag="530" ind1=" " ind2=" ">
    <subfield code="a">Also available as a digital reproduction.</subfield>
  </datafield>
  <datafield tag="583" ind1="0" ind2=" ">
    <subfield code="a">revised</subfield>
    <subfield code="c">2015-06</subfield>
    <subfield code="k">EEW</subfield>
    <subfield code="n">1</subfield>
    <subfield code="o">link</subfield>
    <subfield code="x">Luna</subfield>
    <subfield code="2">local</subfield>
    <subfield code="5">DFo</subfield>
  </datafield>
  <datafield tag="585" ind1=" " ind2=" ">
    <subfield code="a">Washington, D.C., Folger Shakespeare Library, 2007. Shakespeare in American Life (catalog entry 17). This copy now removed to duplicate file.</subfield>
    <subfield code="5">DFo</subfield>
  </datafield>
  <datafield tag="600" ind1="1" ind2="0">
    <subfield code="a">Hackett, James Henry,</subfield>
    <subfield code="d">1800-1871</subfield>
    <subfield code="0">n  83041900</subfield>
    <subfield code="x">Performances,</subfield>
    <subfield code="0">sh 00005755,</subfield>
    <subfield code="e">depicted.</subfield>
  </datafield>
  <datafield tag="600" ind1="1" ind2="0">
    <subfield code="a">Hackett, James Henry,</subfield>
    <subfield code="d">1800-1871,</subfield>
    <subfield code="0">n  83041900,</subfield>
    <subfield code="e">depicted.</subfield>
  </datafield>
  <datafield tag="600" ind1="1" ind2="0">
    <subfield code="a">Shakespeare, William,</subfield>
    <subfield code="d">1564-1616.</subfield>
    <subfield code="t">King Henry IV.</subfield>
    <subfield code="n">Part 1.</subfield>
    <subfield code="0">n  82035361 </subfield>
    <subfield code="n">Act 4.</subfield>
    <subfield code="n">Scene 2,</subfield>
    <subfield code="e">depicted.</subfield>
  </datafield>
  <datafield tag="600" ind1="1" ind2="0">
    <subfield code="a">Shakespeare, William,</subfield>
    <subfield code="d">1564-1616</subfield>
    <subfield code="x">Characters</subfield>
    <subfield code="0">sh 85120865</subfield>
    <subfield code="x">Falstaff,</subfield>
    <subfield code="e">depicted.</subfield>
  </datafield>
  <datafield tag="600" ind1="1" ind2="0">
    <subfield code="a">Falstaff, John,</subfield>
    <subfield code="c">Sir (Fictitious character),</subfield>
    <subfield code="0">nb2022000401,</subfield>
    <subfield code="e">depicted.</subfield>
  </datafield>
  <datafield tag="650" ind1=" " ind2="0">
    <subfield code="a">Actors</subfield>
    <subfield code="0">sh 85000744</subfield>
    <subfield code="y">19th century,</subfield>
    <subfield code="e">depicted.</subfield>
  </datafield>
  <datafield tag="655" ind1=" " ind2="7">
    <subfield code="a">Portraits</subfield>
    <subfield code="0">tgm008085g</subfield>
    <subfield code="x">Male.</subfield>
    <subfield code="2">gmgpc</subfield>
  </datafield>
  <datafield tag="655" ind1=" " ind2="7">
    <subfield code="a">Photomechanical prints.</subfield>
    <subfield code="0">tgm007730g</subfield>
    <subfield code="2">gmgpc</subfield>
  </datafield>
  <datafield tag="752" ind1=" " ind2=" ">
    <subfield code="a">United States</subfield>
    <subfield code="b">Pennsylvania</subfield>
    <subfield code="d">Philadelphia.</subfield>
  </datafield>
  <datafield tag="852" ind1="8" ind2=" ">
    <subfield code="a">US-DFo</subfield>
    <subfield code="b">DeckB-Art</subfield>
    <subfield code="h">ART File H121 no.8</subfield>
    <subfield code="m">(size XS)</subfield>
    <subfield code="x">CIN=mdh PDI rootfile 009026</subfield>
    <subfield code="7">336996</subfield>
    <subfield code="j">cs437</subfield>
  </datafield>
  <datafield tag="856" ind1="4" ind2="1">
    <subfield code="u">https://digitalcollections.folger.edu/img9026</subfield>
    <subfield code="z">Digital image(s) of Folger Shakespeare Library ART File H121 no.8</subfield>
  </datafield>
  <datafield tag="909" ind1="C" ind2="O">
    <subfield code="o">oai:catalog.folger.edu:255588</subfield>
    <subfield code="p">GLOBAL_SET</subfield>
  </datafield>
  <datafield tag="980" ind1=" " ind2=" ">
    <subfield code="a">BIB</subfield>
  </datafield>
  <datafield tag="983" ind1=" " ind2=" ">
    <subfield code="a">Online</subfield>
  </datafield>
  <datafield tag="983" ind1=" " ind2=" ">
    <subfield code="a">Vault</subfield>
  </datafield>
</record>
</collection>